00434nam a2200145Ia 4500008004100000020001500041041001200056082001600068100001600084245011400100260003500214300000800249650001400257700001700271221030s9999 xx 000 0 und d a8178084880 aEnglish a105.23bCom aD. E. Comer 0aInternetworking With TCP/IP Vol. III : Client-Server Programming & Applicationscby D. E. Comer, D.L. Stevens bPearson EducationaDelhic2005 a537 aComputers aD.L. Stevens